Alternative Approaches in Economy Theory and the Possibility of Applying Them in Practice

Lídri heterodoxnej ekonómie kritizujú tradičnú ekonomiku hlavného prúdu (ortodoxná ekonómia). Kritika sa zameriava hlavne na základnú premisu, na ktorej je založená ortodoxná ekonómia, na metodológiu ortodoxnej ekonómie a neadekvátnu matematizáciu ekonomických vied. Zameranie na behaviorálnu ekonómi...

Descrizione completa

Salvato in:
Dettagli Bibliografici
Autore principale: Matoušková, Eleonóra, 1962-
Natura: Capitolo di libro
Lingua:inglese
Soggetti:
Tags: Aggiungi Tag
Nessun Tag, puoi essere il primo ad aggiungerne!!

MARC

LEADER 00000naa$a2200000$$$4500
001 0270366
005 20240717111302.7
041 0 |a eng 
044 |a SK 
245 1 0 |a Alternative Approaches in Economy Theory and the Possibility of Applying Them in Practice  |c Eleonóra Matoušková 
520 |a Lídri heterodoxnej ekonómie kritizujú tradičnú ekonomiku hlavného prúdu (ortodoxná ekonómia). Kritika sa zameriava hlavne na základnú premisu, na ktorej je založená ortodoxná ekonómia, na metodológiu ortodoxnej ekonómie a neadekvátnu matematizáciu ekonomických vied. Zameranie na behaviorálnu ekonómiu a postkeynesiánsku ekonómiu. Behaviorálne prístupy v ekonómii skúmajú odchýlky individuálneho správania od racionality. 
610 2 0 |a ekonómia behaviorálna 
610 2 0 |a ekonómia heterodoxná 
610 2 0 |a hypotézy 
610 2 0 |a ekonómia matematická 
100 1 |a Matoušková, Eleonóra, 1962-